[Event "Porto Sant Elpidio op-B 11th"]
[Site "Porto Sant Elpidio"]
[Date "2008.11.22"]
[Round "1"]
[White "Acciaioli, Fabio"]
[Black "Morelli, Basilio"]
[Result "1-0"]
[WhiteElo "1765"]
[BlackElo "1572"]
[PlyCount "98"]
[EventDate "2008.11.22"]
[EventType "swiss"]
[EventRounds "6"]
[EventCountry "ITA"]
[SourceTitle "EXT 2011"]
[Source "ChessBase"]
[SourceDate "2010.11.26"]
[SourceVersion "1"]
[SourceVersionDate "2010.11.26"]
[SourceQuality "1"]

1. e4 c5 2. Nf3 Nc6 3. d4 cxd4 4. Nxd4 e5 5. Nb5 d6 6. N1c3 a6 7. Na3 b5 8. Nd5 Nf6 9. Bg5 Be7 10. Bxf6 Bxf6 11. c3 0-0 12. Nc2 Rb8 13. Be2 a5 14. a3 a4 15. Bd3 Na5 16. Qe2 Bd7 17. Rd1 Nb3 18. Nce3 Bg5 19. Nf5 Nc1 20. Qf3 Nxd3+ 21. Rxd3 Bxf5 22. Qxf5 g6 23. Qg4 f5 24. exf5 Rxf5 25. 0-0 Rc8 26. Qb4 Rc5 27. Rfd1 e4 28. Qxe4 Re5 29. Qb4 Qe8 30. Kf1 Bd8 31. Qg4 Rc4 32. Qf3 Rce4 33. Re3 Qe6 34. Rxe4 Rxe4 35. Qd3 Re5 36. h3 Qf7 37. Qd4 Bh4 38. Nf4 g5 39. Nd3 Rd5 40. Qe3 Bxf2 41. Nxf2 Rxd1+ 42. Ke2 Ra1 43. Qxg5+ Qg6 44. Qd8+ Kg7 45. Qe7+ Qf7 46. Qxf7+ Kxf7 47. Nd3 Rg1 48. Ne1 Rxe1+ 49. Kxe1 Kf6 1-0

[Event "AP Province-ch"]
[Site "Fermo"]
[Date "2008.01.20"]
[Round "6"]
[White "Di Mantino, Mauro"]
[Black "Morelli, Basilio"]
[Result "1-0"]
[WhiteElo "1747"]
[BlackElo "1503"]
[PlyCount "69"]
[EventDate "2008.01.12"]
[EventType "swiss"]
[EventRounds "6"]
[EventCountry "ITA"]
[SourceTitle "EXT 2009"]
[Source "ChessBase"]
[SourceDate "2008.11.26"]
[SourceVersion "1"]
[SourceVersionDate "2008.11.26"]
[SourceQuality "1"]

1. e4 c5 2. Nf3 e6 3. d4 cxd4 4. Nxd4 Nc6 5. Nc3 a6 6. Be3 e5 7. Nxc6 bxc6 8. Qh5 Qc7 9. Bc4 d6 10. h3 Nf6 11. Qf3 Be6 12. Bb3 Bxb3 13. axb3 Be7 14. g4 h6 15. Qg2 g5 16. 0-0-0 Rd8 17. Rd3 d5 18. exd5 e4 19. Nxe4 Nxd5 20. Qf3 Nf4 21. Rxd8+ Bxd8 22. Bxf4 Qxf4+ 23. Qxf4 gxf4 24. Rd1 0-0 25. Rd6 Re8 26. f3 Kg7 27. Rxc6 a5 28. Rc8 Kg6 29. h4 Rxe4 30. fxe4 Bxh4 31. Rc5 f3 32. Kd1 f2 33. Ke2 Bg3 34. Rxa5 f6 35. Rf5 1-0

[Event "AP Province-ch"]
[Site "Fermo"]
[Date "2008.01.12"]
[Round "1"]
[White "Fratini, Mauro"]
[Black "Morelli, Basilio"]
[Result "1-0"]
[WhiteElo "1990"]
[BlackElo "1503"]
[PlyCount "81"]
[EventDate "2008.01.12"]
[EventType "swiss"]
[EventRounds "6"]
[EventCountry "ITA"]
[SourceTitle "EXT 2009"]
[Source "ChessBase"]
[SourceDate "2008.11.26"]
[SourceVersion "1"]
[SourceVersionDate "2008.11.26"]
[SourceQuality "1"]

1. d4 d5 2. Nf3 e6 3. Bf4 Nf6 4. e3 c5 5. c3 Be7 6. Nbd2 Nh5 7. Bg3 Nxg3 8. hxg3 Nc6 9. Bd3 c4 10. Bc2 g6 11. e4 Qc7 12. Qe2 Bd7 13. exd5 exd5 14. Ng5 Be6 15. Nxe6 fxe6 16. Qxe6 Qd6 17. Bxg6+ Kd8 18. Bf7 Kc7 19. Qxd5 b5 20. Qxd6+ Bxd6 21. 0-0 Rhf8 22. Bh5 Ne7 23. Rae1 Nd5 24. Ne4 Be7 25. Nc5 Bxc5 26. dxc5 Rad8 27. Bf3 Kc6 28. Re5 Rf7 29. Rd1 Rfd7 30. Bxd5+ Rxd5 31. Rdxd5 Rxd5 32. Rxd5 Kxd5 33. c6 Kxc6 34. Kf1 Kd5 35. Ke2 a5 36. a3 h5 37. f3 Ke5 38. Ke3 a4 39. g4 hxg4 40. fxg4 Kf6 41. Kd4 1-0

[Event "Porto Sant Elpidio op-B 10th"]
[Site "Porto Sant Elpidio"]
[Date "2007.11.25"]
[Round "3"]
[White "Morelli, Basilio"]
[Black "Ragnini, Damiano"]
[Result "1/2-1/2"]
[WhiteElo "1488"]
[BlackElo "1616"]
[PlyCount "106"]
[EventDate "2007.11.24"]
[EventType "swiss"]
[EventRounds "6"]
[EventCountry "ITA"]
[SourceTitle "EXT 2010"]
[Source "ChessBase"]
[SourceDate "2010.11.25"]
[SourceVersion "1"]
[SourceVersionDate "2010.11.25"]
[SourceQuality "1"]

1. d4 d5 2. c4 Nf6 3. Nc3 e6 4. cxd5 exd5 5. Bg5 Nbd7 6. e3 Be7 7. Bd3 c6 8. Nge2 h6 9. Bh4 0-0 10. f3 b5 11. a3 a5 12. 0-0 Ba6 13. e4 dxe4 14. fxe4 Ng4 15. Bxe7 Qxe7 16. Qd2 Nb6 17. e5 h5 18. h3 Nh6 19. Rf3 b4 20. Bxa6 bxc3 21. Qxc3 Rxa6 22. Qxc6 Qe6 23. Qxe6 fxe6 24. Rxf8+ Kxf8 25. Nf4 Ke7 26. Nxh5 Nf5 27. Rd1 Nd5 28. g4 Nfe3 29. Rd3 Rc6 30. Nxg7 Rc1+ 31. Kf2 Rc2+ 32. Kg3 Rxb2 33. Nh5 a4 34. Nf6 Nxf6 35. exf6+ Kxf6 36. Rxe3 Rb3 37. Kf4 Rb1 38. g5+ Kf7 39. Ke5 Rb3 40. Kf4 Rb1 41. h4 Rf1+ 42. Rf3 Rh1 43. Kg4+ Kg7 44. Rf6 Rg1+ 45. Kf4 Rh1 46. Rh6 Rh3 47. Rxe6 Rxh4+ 48. Ke5 Rh3 49. Re7+ Kg6 50. Ra7 Rxa3 51. d5 Kxg5 52. d6 Kg6 53. d7 Rd3 1/2-1/2

[Event "Porto Sant Elpidio op-B 9th"]
[Site "Porto Sant Elpidio"]
[Date "2006.11.19"]
[Round "3"]
[White "Cellini, Francesco M"]
[Black "Morelli, Basilio"]
[Result "1/2-1/2"]
[WhiteElo "1527"]
[BlackElo "1467"]
[PlyCount "108"]
[EventDate "2006.11.18"]
[EventType "swiss"]
[EventRounds "6"]
[EventCountry "ITA"]
[SourceTitle "EXT 2011"]
[Source "ChessBase"]
[SourceDate "2010.11.26"]
[SourceVersion "1"]
[SourceVersionDate "2010.11.26"]
[SourceQuality "1"]

1. c4 c5 2. Nc3 e6 3. g3 Nf6 4. e4 Nc6 5. Bg2 d6 6. a3 Be7 7. Nf3 Bd7 8. d3 0-0 9. 0-0 Rb8 10. Bg5 a6 11. Ne2 b5 12. b3 bxc4 13. dxc4 Nxe4 14. Bxe7 Qxe7 15. Qd3 Nf6 16. Ng5 Ne5 17. Qc2 h6 18. Ne4 Nxe4 19. Bxe4 f5 20. Bg2 Rf6 21. Rfd1 Ng6 22. Nc3 f4 23. Ne4 fxg3 24. Nxf6+ Qxf6 25. fxg3 Rb6 26. Kh1 Bc6 27. Bxc6 Rxc6 28. Rf1 Qg5 29. Qe4 d5 30. cxd5 Qxd5 31. Qxd5 exd5 32. Rf5 Ne7 33. Re5 Kf8 34. Rae1 Rc7 35. Rf1+ Ke8 36. Rfe1 Kf8 37. h4 c4 38. bxc4 dxc4 39. Rc1 c3 40. Ra5 Rc6 41. Re5 Rc4 42. Re2 Nf5 43. Rf2 g6 44. h5 Kg7 45. hxg6 Kxg6 46. Kh2 Nd4 47. Rf4 Kg5 48. Kh3 h5 49. Re4 Kf5 50. Rf4+ Kg5 51. Rf8 Nb3 52. Rc2 Nd4 53. Rcf2 c2 54. Rg8+ Kh6 1/2-1/2

[Event "Ascoli Piceno Province-ch"]
[Site "Fermo"]
[Date "2006.01.14"]
[Round "1"]
[White "Morelli, Basilio"]
[Black "Perdichizzi, Roberto"]
[Result "0-1"]
[WhiteElo "1548"]
[BlackElo "1425"]
[PlyCount "76"]
[EventDate "2006.01.14"]
[EventType "swiss"]
[EventRounds "6"]
[EventCountry "ITA"]
[SourceTitle "EXT 2024"]
[Source "ChessBase"]
[SourceDate "2023.10.10"]
[SourceVersion "1"]
[SourceVersionDate "2023.10.10"]
[SourceQuality "1"]

1. d4 Nf6 2. Nf3 g6 3. Bf4 Bg7 4. e3 d6 5. c4 c6 6. Nc3 0-0 7. h3 Bf5 8. Bd3 Bxd3 9. Qxd3 Nbd7 10. Rd1 Nh5 11. Bh2 e5 12. dxe5 Nxe5 13. Nxe5 dxe5 14. Qc2 Qc7 15. 0-0 Rad8 16. Qe2 f5 17. b4 f4 18. Ne4 Qe7 19. c5 f3 20. gxf3 Nf6 21. Qc4+ Kh8 22. Ng5 Rxd1 23. Rxd1 Nd5 24. Ne4 Rxf3 25. Bg3 Qf8 26. Qb3 Qf5 27. Nd2 h5 28. Nxf3 Qxf3 29. Qd3 Kh7 30. e4 Ne3 31. Qxe3 Qxd1+ 32. Kg2 Qc2 33. Qe1 Qxa2 34. Qc3 Qe2 35. Bxe5 Qxe4+ 36. f3 Qe2+ 37. Kh1 Bxe5 38. Qxe5 Qxe5 0-1

[Event "Porto Sant Elpidio op-B 8th"]
[Site "Porto Sant Elpidio"]
[Date "2005.11.27"]
[Round "5"]
[White "Olivieri, Gianni"]
[Black "Morelli, Basilio"]
[Result "0-1"]
[WhiteElo "1634"]
[BlackElo "1527"]
[PlyCount "96"]
[EventDate "2005.11.19"]
[EventType "swiss"]
[EventRounds "6"]
[EventCountry "ITA"]
[SourceTitle "EXT 2024"]
[Source "ChessBase"]
[SourceDate "2023.10.10"]
[SourceVersion "1"]
[SourceVersionDate "2023.10.10"]
[SourceQuality "1"]

1. d4 d5 2. c4 e6 3. Nf3 Nf6 4. Nc3 Be7 5. e3 0-0 6. Bd3 b6 7. cxd5 Nxd5 8. Nxd5 Qxd5 9. Qc2 Bb4+ 10. Bd2 Bxd2+ 11. Qxd2 Bb7 12. Qc2 g6 13. b4 Nc6 14. Be4 Nxb4 15. Bxd5 Nxc2+ 16. Kd2 Bxd5 17. Kxc2 Be4+ 18. Kd2 Rad8 19. Rhg1 c5 20. a3 cxd4 21. exd4 f6 22. Ke3 Bd5 23. Rab1 Rc8 24. Rbc1 b5 25. Nd2 Rfe8 26. Ne4 Bxe4 27. Kxe4 Kf7 28. f4 Rc4 29. Kd3 Rec8 30. Rxc4 Rxc4 31. Ra1 Ke7 32. a4 Rxa4 33. Rxa4 bxa4 34. Kc4 a3 35. Kb3 a2 36. Kxa2 Kd6 37. Kb3 Kd5 38. Kc3 a5 39. Kd3 a4 40. g3 f5 41. Kc3 a3 42. Kb3 a2 43. Kxa2 Kxd4 44. Kb3 Ke3 45. Kc4 Kf3 46. Kd4 Kg2 47. Ke5 Kxh2 48. Kxe6 Kxg3 0-1

[Event "Porto Sant Elpidio op-B 8th"]
[Site "Porto Sant Elpidio"]
[Date "2005.11.26"]
[Round "4"]
[White "Morelli, Basilio"]
[Black "Di Cicco, Daniela"]
[Result "1-0"]
[WhiteElo "1527"]
[BlackElo "1281"]
[PlyCount "131"]
[EventDate "2005.11.19"]
[EventType "swiss"]
[EventRounds "6"]
[EventCountry "ITA"]
[SourceTitle "EXT 2024"]
[Source "ChessBase"]
[SourceDate "2023.10.10"]
[SourceVersion "1"]
[SourceVersionDate "2023.10.10"]
[SourceQuality "1"]

1. d4 d5 2. Nf3 Nf6 3. Bf4 e6 4. e3 Be7 5. Nbd2 0-0 6. Bd3 Nbd7 7. c3 c5 8. 0-0 c4 9. Bc2 Re8 10. e4 Nf8 11. h3 Ng6 12. Bh2 Nh5 13. e5 Nhf4 14. Bxf4 Nxf4 15. Nh2 Rf8 16. Qf3 Bg5 17. Kh1 Bd7 18. Rfe1 Be8 19. Ndf1 f6 20. exf6 Rxf6 21. Ng4 Bh5 22. Nxf6+ Qxf6 23. g4 Bg6 24. Bxg6 hxg6 25. Ne3 Rf8 26. Rf1 Nd3 27. Qxf6 Rxf6 28. Kg2 Bh4 29. f3 Nf4+ 30. Kh2 g5 31. Ng2 Ne2 32. Nxh4 gxh4 33. Rf2 Nf4 34. b3 g5 35. bxc4 dxc4 36. Rb1 Nd3 37. Rff1 b6 38. Kg2 Nf4+ 39. Kh2 Ne2 40. Rbe1 Nxc3 41. Re5 Nd5 42. Rxg5+ Kf7 43. Rh5 Kg6 44. Rxh4 c3 45. Rh8 Ne3 46. Rf2 c2 47. Rc8 Rf4 48. Rfxc2 Nxc2 49. Rxc2 Rxd4 50. h4 Kf6 51. Kg3 Ke5 52. Re2+ Kd5 53. Re3 Rd2 54. a3 e5 55. h5 Ke6 56. f4 Rd5 57. Rxe5+ Rxe5 58. fxe5 Kxe5 59. Kf3 a5 60. h6 Kf6 61. g5+ Kg6 62. a4 Kh7 63. Ke3 Kg6 64. Kd3 Kf7 65. Kc3 Kg6 66. Kc4 1-0

[Event "Porto Sant Elpidio op-B 7th"]
[Site "Porto Sant Elpidio"]
[Date "2004.11.21"]
[Round "5"]
[White "Di Cicco, Daniela"]
[Black "Morelli, Basilio"]
[Result "0-1"]
[WhiteElo "1359"]
[BlackElo "1419"]
[PlyCount "104"]
[EventDate "2004.11.13"]
[EventType "swiss"]
[EventRounds "6"]
[EventCountry "ITA"]
[SourceTitle "EXT 2024"]
[Source "ChessBase"]
[SourceDate "2023.10.10"]
[SourceVersion "1"]
[SourceVersionDate "2023.10.10"]
[SourceQuality "1"]

1. d4 d5 2. Nf3 Nf6 3. h3 e6 4. Bf4 c5 5. c3 Be7 6. e3 0-0 7. Bd3 cxd4 8. exd4 Bd7 9. 0-0 a6 10. Nbd2 Bb5 11. Qc2 Bxd3 12. Qxd3 Nbd7 13. Rfe1 Nh5 14. Bh2 g6 15. Qe3 Rc8 16. Ne5 Nxe5 17. Bxe5 Bd6 18. Nf3 Bxe5 19. Qxe5 Ng7 20. h4 f6 21. Qh2 Rc7 22. Re2 b5 23. a3 Rcf7 24. Rf1 h5 25. Qh3 Qd6 26. Rfe1 Re7 27. g4 Rfe8 28. Qg2 e5 29. dxe5 fxe5 30. Ng5 e4 31. Re3 Rf8 32. Rd1 Rf4 33. Rg3 e3 34. fxe3 Rxe3 35. Nf3 Rexf3 36. Qh3 Rxg3+ 37. Qxg3 Rxg4 38. Qxg4 hxg4 39. Rd4 Nf5 40. Rxg4 Nxh4 41. Kf2 Qf6+ 42. Kg3 Nf5+ 43. Kh3 d4 44. Rf4 Qe5 45. Kg4 dxc3 46. bxc3 Qxc3 47. Rf3 Qd4+ 48. Kg5 Kg7 49. Rf4 Qf6+ 50. Kg4 Qh4+ 51. Kf3 Qh3+ 52. Ke2 Qe3+ 0-1

[Event "Porto Sant Elpidio op-B 7th"]
[Site "Porto Sant Elpidio"]
[Date "2004.11.20"]
[Round "4"]
[White "Morelli, Basilio"]
[Black "Guerra, Renzo"]
[Result "0-1"]
[WhiteElo "1419"]
[BlackElo "1518"]
[PlyCount "76"]
[EventDate "2004.11.13"]
[EventType "swiss"]
[EventRounds "6"]
[EventCountry "ITA"]
[SourceTitle "EXT 2024"]
[Source "ChessBase"]
[SourceDate "2023.10.10"]
[SourceVersion "1"]
[SourceVersionDate "2023.10.10"]
[SourceQuality "1"]

1. d4 d6 2. Nf3 Nf6 3. e3 g6 4. Nbd2 Bg7 5. Be2 0-0 6. 0-0 Bf5 7. Re1 Nc6 8. c3 a6 9. b4 Re8 10. Bb2 e5 11. d5 Ne7 12. Bc4 e4 13. Nd4 Bg4 14. f3 exf3 15. N2xf3 Nexd5 16. Bxd5 Nxd5 17. e4 Nf6 18. Qc2 c5 19. bxc5 dxc5 20. Nb3 Qc7 21. Rad1 Rad8 22. Rxd8 Rxd8 23. Bc1 b6 24. Bg5 Re8 25. Bh4 Qc6 26. Nbd2 Nh5 27. h3 Bc8 28. c4 Nf4 29. Bg3 Ne6 30. Ne5 Nd4 31. Nxc6 Nxc2 32. Re2 Bb7 33. Nf3 Bxc6 34. Rxc2 Rxe4 35. Rd2 Bd4+ 36. Kh2 f6 37. Nxd4 Rxd4 38. Re2 Kf7 0-1